Sorbonne - Statistiques

Statistiques générales
  • Ce quiz a été pris 44 fois
  • Le résultat moyen est 8 sur 15
Statistiques - réponses
Réponses: % Correct
Sur la ligne 14
92%
Nombre d'amphi 6
92%
Nombre d'étages 22
84%
Arrêt de métro le plus proche Olympiades
78%
Nom de la rue Tolbiac
78%
Sigle de PMF Pierre-Mendès France
59%
Licence étudiée en face du centre PMF Journalisme
54%
Plus haute fonction occupée par ce dernier Ministre
51%
Principale filière en nombre d'étudiant Droit
49%
Du parti Socialiste
49%
Parc de Choisy
38%
Combien de campus annexe en dehors de PMF 26
27%
Nombre d'étudiants total 45 000
22%
A quel évènement fait-il référence Bataille
22%
Lycée Claude Monet
14%
Aucun quiz correspondant
Distribution des résultats
% des personnes avec chaque résultat
Percentile par nombre de réponses
Votre historique - résultats
Vous n’avez pas pris ce quiz